Educación física: una visión de su historia

Guardat en:
Dades bibliogràfiques
Autor principal: Ponce, Lucas F (Autor)
Format: Llibre
Idioma:espanyol
Publicat: Córdoba Triunfar 2000
Matèries:
Etiquetes: Afegir etiqueta
Sense etiquetes, Sigues el primer a etiquetar aquest registre!

MARC

LEADER 00000nam a2200000 a 4500
001 UCN8154
003 CL-VaPUC
008 011109e20000300AG |||||||||||||||||spa|d
082 0 4 |a 372.86  |b PON  |2 21 
100 0 |a Ponce, Lucas F  |e author  |9 464355 
245 1 0 |a Educación física: una visión de su historia 
300 |a 172 p 
942 |c BK 
945 |d 20011109 00:00:00  |a vberengu 
260 |a Córdoba  |b Triunfar  |c 2000 
650 0 |a Educación física  |9 240893 
650 7 |a HISTORIA DE LA EDUCACION FISICA  |2 CL-VaPUC  |9 464356 
651 0 |a Argentina  |9 254888 
583 |a last modification  |c 20170913 12:20:00  |k Rodrigo Vera 
999 |c 298186  |d 298184 
952 |0 0  |1 0  |4 0  |6 372_860000000000000_PON_2000  |7 0  |8 A  |9 353565  |a BIBEDU  |b BIBEDU  |d 2019-11-21  |i 3771199  |o 372.86 PON 2000  |p 3771199  |r 2019-11-21  |w 2019-11-21  |y BK  |k EFI